La inclusión de estudiantes haitianos en una escuela municipal de Quilicura

La presente investigación tiene como objetivo conocer las barreras y facilitadores en relación a la convivencia y a la diversidad cultural, desde la visión de los docentes del primer ciclo de educación básica de un colegio municipal de la comuna de Quilicura y brindar una propuesta basada en las dir...

Full description

Bibliographic Details
Main Author: Mellado Villavicencio, María Cecilia
Other Authors: Moya Quezada, Ana, González Moraga, Maribel (profesor guía), Aviles Viveros, Monyna
Format: Tesis
Language:Spanish
Published: Santiago de Chile: Universidad Academia de Humanismo Cristiano, 2018.
Subjects:
Online Access:Disponible en línea (PDF). Biblioteca Digital UAHC

MARC

LEADER 00000cmm a2200000 a 4500
001 000330
003 UAHC_CL
005 20210909180431.0
008 171121s2017 cl 000 spa
952 |0 0  |1 0  |2 ddc  |4 0  |6 TPEDIF_118_000000000000000  |7 0  |8 COMP  |9 90492  |a BC  |b BC  |c Referencia  |d 2018-08-27  |l 0  |o TPEDIF 118  |p 4134  |r 2019-01-03 00:00:00  |w 2018-08-27  |y TS  |B PEDIF 
999 |c 51063  |d 51063 
040 |a UAHC_CL  |c UAHC_CL  |d UAHC_CL 
100 |a Mellado Villavicencio, María Cecilia  |9 4631 
245 1 3 |a La inclusión de estudiantes haitianos en una escuela municipal de Quilicura  |c María Mellado, Ana Moya, Monyna Aviles; profesor guía Maribel González. 
260 |a Santiago de Chile:  |b Universidad Academia de Humanismo Cristiano,  |c 2018. 
300 |a 1 cd rom 
500 |a Tesis para optar al título de Profesor de Educación Diferencial con mención en Trastornos Específico del Lenguaje Oral. 
502 |a Tesis (Profesor de educación diferencial) -- Universidad Academia de Humanismo Cristiano, 2018. 
516 |a Tesis electrónica (PDF) 
520 |a La presente investigación tiene como objetivo conocer las barreras y facilitadores en relación a la convivencia y a la diversidad cultural, desde la visión de los docentes del primer ciclo de educación básica de un colegio municipal de la comuna de Quilicura y brindar una propuesta basada en las directrices en el INDEX, Guía para la Educación Inclusiva, (Booth y Ainscow, 2011) entendiendo el concepto de cultura y los valores que constituyen la Inclusión, pretendiendo aportar a generar cambios que vayan desde la comunidad y sus dinámicas de inclusión hacia las políticas que se establezcan como institución. 
650 0 |a Educación inclusiva  |z Chile  |9 2666 
650 0 |9 6551  |a Estudiantes extranjeros 
700 |a Moya Quezada, Ana  |9 4632 
700 |a González Moraga, Maribel  |9 4636  |e profesor guía 
700 |a Aviles Viveros, Monyna  |9 4633 
856 |u http://bibliotecadigital.academia.cl/xmlui/handle/123456789/5182  |y Disponible en línea (PDF). Biblioteca Digital UAHC 
900 |a TPEDIF 118 
942 |c TS  |2 ddc